| 000 | 00512nam a22001937a 4500 | ||
|---|---|---|---|
| 003 | OSt | ||
| 005 | 20231021130010.0 | ||
| 008 | 150527b xxu||||| |||| 00| 0 eng d | ||
| 020 | _a0340504110 | ||
| 040 | _cDLC | ||
| 082 | _a620 OST 1989 | ||
| 100 |
_aOstrowsky, O. _94976 |
||
| 245 | _aEngineering Drawing with CAD Applications | ||
| 260 |
_aOxford : _bButterworth Heinemann: _c1989. |
||
| 300 |
_a175 p: _bill; _c26 cm |
||
| 504 | _aIncludes index | ||
| 650 |
_aEngineering Drawing _94977 |
||
| 942 |
_2z _cSLOAN |
||
| 999 |
_c1893 _d1893 |
||